"Annual report,1954" (Record no. 690328)

MARC details
000 -LEADER
fixed length control field 00715nam a2200229Ia 4500
003 - CONTROL NUMBER IDENTIFIER
control field OSt
005 - DATE AND TIME OF LATEST TRANSACTION
control field 20220927105028.0
008 - FIXED-LENGTH DATA ELEMENTS--GENERAL INFORMATION
fixed length control field 220926b |||||||| |||| 00| 0 eng d
037 ## - SOURCE OF ACQUISITION
Terms of availability Reference Collections
040 ## - CATALOGING SOURCE
Original cataloging agency RTL
Transcribing agency RTL
Language of cataloging eng
041 ## - LANGUAGE CODE
Source of code eng
Language code of text/sound track or separate title eng
110 ## - MAIN ENTRY--CORPORATE NAME
Corporate name or jurisdiction name as entry element "LAKSHMI MILLS COMPANY LTD. ,COIMBATOR"
9 (RLIN) 369632
245 #0 - TITLE STATEMENT
Title "Annual report,1954"
260 ## - PUBLICATION, DISTRIBUTION, ETC.
Place of publication, distribution, etc. Coimbator
Name of publisher, distributor, etc. Lakshmi Mills Company Ltd.
Date of publication, distribution, etc. 1959
700 ## - ADDED ENTRY--PERSONAL NAME
Personal name "LAKSHMI MILLS COMPANY LTD. ,COIMBATOR"
9 (RLIN) 369633
942 ## - ADDED ENTRY ELEMENTS (KOHA)
Classification part "X9(M7).2.N59<-N54r, J9"
Koha item type
Holdings
Withdrawn status Lost status Damaged status Not for loan Home library Current library Date acquired Total Checkouts Full call number Barcode Date last seen Price effective from Koha item type
        Ratan Tata Library Ratan Tata Library 2022-09-27   "X9(M7).2.N59<-N54r J9" RT0417018 2022-09-27 2022-09-27  
Copyright @ Delhi University Library System